00951nam a22001817a 4500003000900000008004100009040007100050082002300121245005700144260002300201300002700224440004300251505035400294650002300648650002300671650003600694710003900730AR-CdUCM190429b ||||| |||| 00| 0 spa d aMUNICIPALIDAD PROVINCIAL DEL CUSCOcBIBLIOTECA MUNICIPAL DEL CUSCO aLumen/N°1050/1957 aLumen /cConvento de Santo Domingo de Guzmán Cusco aCusco.bsn,c1957. a4 páginas. :c22 cm. aLumen.nAño XX, N°1050, junio 1957. aContenido: Homenaje a la ciudad de Juli y al colegio nacional Chucuito en la efemérides de sus creaciones. -- El santo evangelio de hoy. -- Festividad de Santísima Virgen del Rosario de Pompeya. -- Campana de la libertad izaron la mañana del jueves en la torre de nuestro templo. -- Bendición de la nueva capilla de Santa Rosa de Ahuacpinta. aRevista cusqueña aRevista católica aSanto Domingo de Guzmán Cusco aConvento de Santo Domingo de Cusco